书目信息 |
| 题名: |
英语词汇课堂
|
|
| 作者: | 西尔, 著 ;运佳 , 寇学敏 , 单欣 译 | |
| 分册: | ||
| 出版信息: |
|
|
| 页数: | 54页 | |
| 开本: | 26cm | |
| 丛书名: | ||
| 单 册: | ||
| 中图分类: | H313 | |
| 科图分类: | ||
| 主题词: | 英语--ying yu--词汇--自学参考资料 | |
| 电子资源: | ||
| ISBN: | ||
| 000 | 01000nam 2200277 450 | |
| 001 | 012006952346 | |
| 005 | 20080402101202.10 | |
| 100 | @a20060616d km y0chiy0120 ea | |
| 101 | 2 | @achi@aeng@ceng |
| 105 | @aa z 000yy | |
| 200 | 1 | @a英语词汇课堂@Aying yu ci hui ke tang@e读短文学单词@f(美) 伯纳德·西尔著@F(mei)bo na de·xi er zhu@g运佳, 寇学敏, 单欣译@Gyun jia,kou xue min,dan xin yi |
| 215 | @a54页@c图@d26cm | |
| 225 | 2 | @Alang wen chang qing shu ying yu xue xi xi lie |
| 312 | @a英文并列题名取自封面 | |
| 333 | @a英语学习者及英语爱好者 | |
| 410 | 0 | @12001 @Alang wen chang qing shu ying yu xue xi xi lie |
| 510 | 1 | @aTextbook@eAmerican cocabulary builder@zeng |
| 517 | 1 | @a读短文学单词@Adu duan wen xue dan ci |
| 606 | 0 | @a英语@Aying yu@x词汇@j自学参考资料 |
| 690 | @aH313@v4 | |
| 701 | 1 | @a西尔,@Axi er,@bB.@g(Seal, B.)@4著 |
| 702 | 0 | @a运佳@Ayun jia@4译 |
| 702 | 0 | @a寇学敏@Akou xue min@4译 |
| 702 | 0 | @a单欣@Adan xin@4译 |
| 801 | 0 | @aCN@c20080402 |
| 905 | @dH313@eX067 | |
| 英语词汇课堂:读短文学单词/(美) 伯纳德·西尔著/运佳, 寇学敏, 单欣译 |
| 54页:图;26cm |
| 使用对象:英语学习者及英语爱好者 |
| ISBN : |
| ● |
| 相关链接 |
|
|
|
正题名:英语词汇课堂
索取号:H313/X067
 
预约/预借
| 序号 | 登录号 | 条形码 | 馆藏地/架位号 | 状态 | 备注 |
| 1 | 451444 | 204514445 | 语言库209/209语言库 104排4列6层/ [索取号:H313/X067] | 在馆 | |
| 2 | 451445 | 204514454 | 语言库209/209语言库 104排4列6层/ [索取号:H313/X067] | 在馆 | |
| 3 | 588174 | 205881740 | 语言库209/209语言库 104排4列6层/ [索取号:H313/X067] | 在馆 | |
| 4 | 588175 | 205881759 | 语言库209/209语言库 104排4列6层/ [索取号:H313/X067] | 在馆 | |
| 5 | 588176 | 205881768 | 语言库209/209语言库 104排4列6层/ [索取号:H313/X067] | 在馆 |